Academic Vocabulary in Use Vocabulary Reference and Practice
Enregistré dans:
| Auteur principal: | |
|---|---|
| Autres auteurs: | |
| Format: | Livre |
| Langue: | anglais |
| Publié: |
Cambridge
Cambridge University Press
2016
|
| Édition: | 2nd Edition |
| Sujets: | |
| Tags: |
Pas de tags, Soyez le premier à ajouter un tag!
|
MARC
| LEADER | 00000nam a2200000 4500 | ||
|---|---|---|---|
| 001 | 0246697 | ||
| 005 | 20240226124507.2 | ||
| 020 | |a 978-1-107-59166-0 | ||
| 041 | 0 | |a eng | |
| 044 | |a GB | ||
| 245 | 1 | 0 | |a Academic Vocabulary in Use |b Vocabulary Reference and Practice |c Michael McCarthy, Felicity O'Dell |
| 250 | |a 2nd Edition | ||
| 264 | 1 | |a Cambridge |b Cambridge University Press |c 2016 | |
| 300 | |a 173 s. | ||
| 610 | 2 | 0 | |a jazykoveda |
| 610 | 2 | 0 | |a terminológia |
| 610 | 2 | 0 | |a zásoba slovná |
| 610 | 2 | 0 | |a gramatika |
| 610 | 2 | 0 | |a frazeológia |
| 610 | 2 | 0 | |a angličtina |
| 610 | 2 | 0 | |a vzdelávanie |
| 100 | 1 | |a McCarthy, Michael | |
| 700 | 1 | |a O'Dell, Felicity | |